Historia de la historiografía costarricense, 1821-1940 (Registro nro. 2177)
[ vista simple ]
| 000 -CABECERA | |
|---|---|
| campo de control de longitud fija | 01118aam a2200349 4500 |
| 005 - FECHA Y HORA DE ACTUALIZACIÓN | |
| campo de control | 20161107140353.0 |
| 008 - LONGITUD FIJA | |
| campo de control de longitud fija | 150519b xxu||||| |||| 00| 0 spa d |
| 041 ## - IDIOMA | |
| Código de idioma del texto/pista de sonido o título separado | |
| 082 ## - CLASIFICACIÓN DECIMAL DEWEY | |
| Número de clasificación | 972.86 Q5h |
| 100 ## - AUTOR PERSONAL | |
| Nombre de persona | Quesada Camacho, Juan Rafael |
| 245 ## - TÍTULO PROPIAMENTE DICHO | |
| Título | Historia de la historiografía costarricense, 1821-1940 |
| 260 ## - PIE DE IMPRENTA | |
| Lugar de publicación, distribución, etc. | Costa Rica |
| Nombre del editor, distribuidor, etc. | Universidad de Costa Rica |
| Fecha de publicación, distribución, etc. | 2003 |
| 300 ## - DESCRIPCIÓN FÍSICA | |
| Extensión | 441 páginas |
| 650 ## - Materia General | |
| Materia general | COSTA RICA |
| 650 ## - Materia General | |
| Materia general | HISTORIA |
| 650 ## - Materia General | |
| Materia general | HISTOGRAFÍA |
| 650 ## - Materia General | |
| Materia general | ARCHIVO NACIONAL |
| 650 ## - Materia General | |
| Materia general | ESTADO NACIONAL |
| 650 ## - Materia General | |
| Materia general | LIMITES |
| 650 ## - Materia General | |
| Materia general | UNIVERSIDAD DE COSTA RICA |
| 650 ## - Materia General | |
| Materia general | TEXTO ESCOLAR |
| 650 ## - Materia General | |
| Materia general | PRODUCCIÓN HISTÓRICA LITERARIA |
| 650 ## - Materia General | |
| Materia general | HISTORIA POLITICA |
| 650 ## - Materia General | |
| Materia general | GÉNERO BIOGRÁFICO |
| 650 ## - Materia General | |
| Materia general | HISTORIA ECONÓMICA |
| 650 ## - Materia General | |
| Materia general | HISTORIA DEMOGRÁFICA |
| 650 ## - Materia General | |
| Materia general | GEOGRAFÍA HISTÓRICA |
| 650 ## - Materia General | |
| Materia general | HISTORIA RELIGIOSA |
| 650 ## - Materia General | |
| Materia general | HISTORIA CULTURAL |
| 650 ## - Materia General | |
| Materia general | NACIONALISMO EN LITERATURA |
| 942 ## - Punto de Acceso Adicional Koha | |
| Tipo de ítem Koha | Libro |
| Estado perdido | Estado dañado | No para préstamo | Biblioteca permanente | Biblioteca actual | Signatura completa | Código de barras | Precio efectivo a partir del | Tipo de ítem |
|---|---|---|---|---|---|---|---|---|
| Departamento de Biblioteca y Documentación Alfonso Chase Brenes | Departamento de Biblioteca y Documentación Alfonso Chase Brenes | 972.86 Q5h | 14729 | 06/09/2016 | Libro |